Tous les joueurs de Reims (2010-2023) - Statistiques

Statistiques générales
  • Ce quiz a été pris 20 fois
  • Le résultat moyen est 37 sur 150
Statistiques - réponses
Indice Réponse % Correct
2017-224 M Maroc D Yuniss Abdelhamid
93%
2018-202188 M Sénégal A Boulaye Dia
86%
2022-35 M Japon M/A Junya Ito
79%
2022-202337 M États-Unis A Folarin Balogun
64%
2020-202328 M France A Hugo Ekitike
64%
2011-201582 M Guinée-Bissau M Bocundji Ca
57%
2016-201985 M Sénégal G Édouard Mendy
57%
2019-107 M Zimbabwe M Marshall Munetsi
57%
2008-2017248 M Cap-Vert A Odair Fortes
57%
2018-161 M Belgique D Thomas Foket
57%
2019-13 M France G Yehvan Diouf
57%
2009-2016170 M Algérie D Aissa Mandi
50%
2021-56 M Pays-Bas M Azor Matusiwa
50%
2008-2016248 M France D Michael Tacalfred
50%
2019-2022107 M Serbie G Pedrag Rajkovic
50%
2013-201698 M Congo M Prince Oniangue
50%
2020-202277 M Belgique D Wout Faes
50%
2020-202268 M Mali A El-Bilal Toure
43%
2022-42 M Suède M Jens Cajuste
43%
2013-201653 M Haïti G Johnny Placide
43%
2021-33 M Mali M Kamory Doumbia
43%
2008-2016194 M Togo G Kossi Agassa
43%
2017-202291 M France M Mathieu Cafaro
43%
2022-28 M Belgique D Maxime Busi
43%
2018-202288 M Mali M Moussa Doumbia
43%
2016-2020116 M France M/A Rémi Oudin
43%
2020-32 M Belgique D Thibault De Smet
43%
2020-41 M Kosovo M Valon Berisha
43%
2019-202338 M Grèce A Anastasios Donis
36%
2010-2017201 M France D Anthony Weber
36%
2019-78 M Kosovo M Arber Zeneli
36%
2013-201748 M Turquie D Atila Turan
36%
2010-2017107 M France D
Christopher Glombard
36%
2012-2018164 M Brésil M Diego Rigonato
36%
2022-29 M Côte d'Ivoire D Emmanuel Agbadou
36%
2012-2016104 M France D Franck Signorino
36%
2009-2011/2012-2014131 M Pologne M Grzegorz Krychowiak
36%
2015-201767 M Mali D Hamari Traoré
36%
2018-202039 M Corée du Sud A Hyun-Jun Suk
36%
2015-201749 M Géorgie M Jaba Kankava
36%
2019-202396 M France A Nathanael Mbuku
36%
2013-2016111 M France A Nicolas De Préville
36%
2016-2019101 M Argentine M Pablo Chavarria
36%
2022-20239 M Autriche G Patrick Pentz
36%
2018-202062 M Togo M Alaixys Romao
29%
2020- 56 M France M/A Alexis Flips
29%
2016-202052 M France D Axel Disasi
29%
2018-201935 M Belgique D Bjorn Engels
29%
2006-2008/2009-2012224 M France A Cédric Faure
29%
2020-59 M Sénégal M Dion Lopy
29%
2013-201525 M Israël A Eliran Atar
29%
2013-2017111 M France A Gaetan Charbonnier
29%
2018-202299 M Côte d'Ivoire D Ghislain Konan
29%
2016-201947 M France G Johann Carrasso
29%
2006-2013104 M France G Johann Liebus
29%
2015-201875 M États-Unis A Jordan Siebatcheu
29%
2011-201236 M Algérie A Kamel Ghilas
29%
2017-2021139 M France M Xavier Chavalerin
29%
2011-201743 M France M Alexis Peuget
21%
2020-202342 M France D Andrew Gravillon
21%
2013-201762 M Guinée D Antoine Conte
21%
2012-2018154 M France M Antoine Devaux
21%
2020-202343 M France D Bradley Locko
21%
2022-9 M Mali D Cheik Keita
21%
2016-201869 M Cap-Vert M Danilson Da Cruz
21%
2011-201477 M Togo A Floyd Ayite
21%
2020-202313 M Écosse A Fraser Hornby
21%
2015-202077 M Côte d'Ivoire D Hassane Kamara
21%
2016-201723 M Sénégal A Ibrahima Balde
21%
2020-202334 M Algérie M/A Ilan Kebbal
21%
2020-46 M Pays-Bas A Kaj Sierhuis
21%
2006-2012129 M France M Lucas Deaux
21%
2013-201540 M Danemark M Mads Albaek
21%
2008-201282 M France D Matthieu Fontaine
21%
2012-201652 M Mali M Mohamed Fofana
21%
2019-202257 M Guinée-Bissau M Moretto Cassama
21%
2012-201425 M France A Nicolas Fauvergue
21%
2016-20205 M France G Nicolas Lemaitre
21%
2010-201268 M France M Romain Amalfitano
21%
2018-201918 M Angleterre A Sheyi Ojo
21%
2018-201910 M Madagascar D Thomas Fontaine
21%
201614 M Congo A Thyevy Bifouma
21%
2008-201177 M France M/A Vincent Gragnic
21%
2017-201820 M Mali D Youssouf Kone
21%
201911 M Ghana D Abdul Rahman Baba
14%
2003-2012253 M France D Alexandre Barbier
14%
2016-201971 M Sénégal M Aly Ndom
14%
2014-201532 M Cameroun A Benjamin Moukandjo
14%
2011-201515 M Algérie M Bilal Ouali
14%
2008-201267 M Belgique M Clément Tainmont
14%
2019-20229 M Autriche D Dario Maresic
14%
2010-201454 M France M Florent Ghisolfi
14%
2015-201716 M Gabon M Frédéric Bulot
14%
2010-2015115 M France A Gaetan Courtet
14%
2016-201716 M France D Grégoire Amiot
14%
2015-201984 M France A Grejon Kyei
14%
2015-201731 M France M Hugo Rodriguez
14%
2010-201351 M France M Johann Ramare
14%
2016-201867 M Guinée D Julian Jeanvier
14%
2010-2011/2012-201350 M France M/A Julien Toudic
14%
2011-201322 M Maroc D Khalid Sekkat
14%
2021-13 M France M/A Martin Adeline
14%
2017-201929 M France M Marvin Martin
14%
2021-24 M Pays-Bas A Mitchell Van Bergen
14%
2017-201026 M France M Nolan Mbemba
14%
2012-20146 M France M Quentin Pereira
14%
2017-201963 M Madagascar D Romain Metanire
14%
2016-201843 M France D Samuel Bouhours
14%
2022-1 M France M Samuel Koeberle
14%
2018-202042 M France M Tristan Dingome
14%
2017-20194 M France A Virgile Piechocki
14%
2018-20201 M France A Virgile Pinson
14%
2012-20131 M France A Yann Benedick
14%
2015-201610 M Maroc D Abdelhamid El Kaoutari
7%
2017-201829 M Guinée Équatoriale A Anatole Ngamukol
7%
2017-20183 M France A Andrew Jung
7%
2011-201211 M France M Cédric Collet
7%
2014-201511 M Congo D Chris Mavinga
7%
2014-20151 M France G Cyriack Garel
7%
2014-201648 M France A David N'gog
7%
2019-202248 M Suisse M Dereck Kutesa
7%
2020-202210 M Mali D Fodé Doucoure
7%
2010-201123 M France D Frédéric Biancalani
7%
2016-202042 M France A Grégory Berthier
7%
2014-201625 M France D Grégory Bourillon
7%
20181 M France D Hendrick Cakin
7%
201210 M Algérie A Idriss Saadi
7%
2010-20121 M France M Jérémy Manzorro
7%
2010-201221 M France D Joachim Ichane
7%
2008-201426 M Côte d'Ivoire A Jonathan Kodjia
7%
2011-201217 M Centrafrique A Josué Balamandji
7%
2017-20203 M France D Lenny Vallier
7%
2009-201138 M France M Ludovic Gamboa
7%
2020-20211 M Cameroun M Moise Sakava
7%
2019-20233 M Sénégal D Moustapha Mbow
7%
20239 M France A Myziane Maolida
7%
2013-201723 M RDC M Omenuke Mfulu
7%
2012-201325 M Sénégal D Pape Souaré
7%
2021-3 M France M Rafik Guitane
7%
2014-20151 M France G Sacha Bastien
7%
2019-202214 M France M Sambou Sissoko
7%
2017-20191 M France A Steve Shamal
7%
2019-20208 M France A Thimothée Nkada
7%
2008-201199 M Guadeloupe M Thomas Gamiette
7%
2022-7 M France M Valentin Atangana
7%
2014-201513 M France D Valentin Roberge
7%
201610 M Guinée A Alhassane Bangoura
0%
2021-12 M France A Koffi N'dri
0%
2010-201215 M Congo D Lucien Aubay
0%
2010-20112 M France A Maxime Thonelle
0%
Aucun quiz correspondant
Distribution des résultats
% des personnes avec chaque résultat
Percentile par nombre de réponses
Votre historique - résultats
Vous n’avez pas pris ce quiz